000 01424cam a22001814a 4500
005 20250605164144.0
008 250528s ||||||||||||||||||||||||d
035 _a19100
040 _aGR-AtMCL
_bgre
_dGR-AtMCL
_eAACR2
245 1 _aΓενικές Αρχές
260 _bΑντ. Ν. Σάκκουλα,
_c1985
300 _a816
520 _aΓενικές Έννοιες, Οι Πηγές του Δικαίου, Ο Κανόνας Δικαίου, Το Δικαίωμα, Διακρίσεις των Δικαιωμάτων, Άσκηση του Δικαιώματος, Προστασία του Δικαιώματος, Τα Πρόσωπα, Τα Φυσικά Πρόσωπα, Τα Νομικά Πρόσωπα, Προστασία των Προσώπων, Οι Δικαιοπραξίες, Οι Δικανικές Πράξεις, Έννοια και Λειτουργία της Δικαιοπραξίας, Είδη Δικαιοπραξιών, Προαπαιτούμενα της Δικαιοπρακτικής Ρυθμίσεως, Η Κατάρτιση της Συμβάσεως, Ακυρότητα και Ακυρωσία, Ερμηνεία της Δικαιοπραξίας, Αίρεση και Προθεσμία, Συναίνεση και Έγκριση, Αντιπροσώπευση, Ο Χρόνος στο Δίκαιο.
700 1 _aΣπυριδάκης Ι. Σ
_95333
942 _cBK
999 _c4379
_d4379